| 000 | 00420nam a2200181Ia 4500 | ||
|---|---|---|---|
| 008 | 150909s9999 xx 000 0 und d | ||
| 041 | _aEnglish | ||
| 082 | _a595.7 | ||
| 082 | _bJEP/MI | ||
| 100 | _aJeppson L R | ||
| 100 | _eAuthor | ||
| 245 | _aMites injurious to economic plants | ||
| 260 | _aLondon | ||
| 260 | _bUniversity of California Press | ||
| 260 | _c1975 | ||
| 650 | _aEntomology | ||
| 942 | _cBK | ||
| 999 |
_c245981 _d245981 |
||